Clubes Campeões Campeonato Paulista - Statistics

Estatísticas Gerais
  • Esse quiz foi jogado 176 vezes
  • A pontuação média é 9 de 18
Estatísticas das Respostas
N títulos Anos Clube % Correto
30 1914, 1916, 1922, 1923, 1924, 1928, 1929, 1930, 1937, 1938, 1939, 1941, 1951, 1952, 1954, 1977, 1979, 1982, 1983, 1988, 1995, 1997, 1999, 2001, 2003, 2009, 2013, 2017, 2018 e 2019 Corinthians
99%
26 1920, 1926, 1927, 1932, 1933, 1934, 1936, 1940, 1942, 1944, 1947, 1950, 1959, 1963, 1966, 1972, 1974, 1976, 1993, 1994, 1996, 2008, 2020, 2022, 2023, 2024 Palmeiras
99%
22 1935, 1955, 1956, 1958, 1960, 1961, 1962, 1964, 1965, 1967, 1968, 1969, 1973, 1978, 1984, 2006, 2007, 2010, 2011, 2012, 2015 e 2016 Santos
99%
22 1931, 1943, 1945, 1946, 1948, 1949, 1953, 1957, 1970, 1971, 1975, 1980, 1981, 1985, 1987, 1989, 1991, 1992, 1998, 2000, 2005 e 2021 São Paulo
99%
2 2002 e 2014 Ituano
77%
1 1990 Bragantino
73%
3 1935, 1936 e 1973 Portuguesa
71%
1 2004 São Caetano
63%
11 1905, 1908, 1913, 1916, 1917, 1918, 1919, 1921, 1926, 1927 e 1929 Paulistano
52%
1 1986 Inter de Limeira
40%
1 1934 Juventus
35%
2 1914 e 1925 AA São Bento / Associação Atlética São Bento / São Bento
23%
2 1907 e 1928 Internacional
23%
4 1902, 1903, 1904 e 1911 São Paulo Athletic
23%
2 1906 e 1915 Germânia
20%
2 1912 e 1913 SC Americano / Sport Club Americano / Americano
18%
3 1909, 1910 e 1915 AA das Palmeiras / Associação Atlética das Palmeiras
16%
1 1933 Albion
11%
Nenhum quiz correspondente encontrado
Distribuição das Pontuações
Porcentagem de Pessoas com Cada Pontuação
Percentil de Números Respondidos
Sua Pontuação Histórica
Você não jogou esse quiz